000 00331nam a22001457a 4500
008 210602b ||||| |||| 00| 0 eng d
020 _a9780669354195
041 _aeng
080 _22nd
_a82
082 _a82
100 _a21
101 _aGJL
245 _aThe Health Guide to College Writing
_cRalph F. Voss
942 _2udc
_cBK
999 _c57920
_d57920